Normal view
MARC view
- Araneta, Ma. Katrina L.
Entry Personal Name
001 - CONTROL NUMBER
- control field: 2755
003 - CONTROL NUMBER IDENTIFIER
- control field: URS
005 - DATE AND TIME OF LATEST TRANSACTION
- control field: 20221025104811.0
008 - FIXED-LENGTH DATA ELEMENTS
- fixed length control field: 221025|| aca||aabn | a|a d
040 ## - CATALOGING SOURCE
- Original cataloging agency: URS
100 ## - HEADING--PERSONAL NAME
- Personal name: Araneta, Ma. Katrina L.
- Relator term: author